Vzory dokumentov pri hromadnom prepúšťaní
Písomná informácia o dôvodoch hromadného prepúšťania. Zápisnica z prerokovania opatrení umožňujúcich predísť hromadnému prepúšťaniu zamestnancov alebo ho obmedziť. Písomná informácia o výsledku prerokovania opatrení.
Salvato in:
| Autore principale: | |
|---|---|
| Natura: | Capitolo di libro |
| Lingua: | slovacco |
| Soggetti: | |
| Tags: |
Nessun Tag, puoi essere il primo ad aggiungerne!!
|
MARC
| LEADER | 00000naa a2200000 4500 | ||
|---|---|---|---|
| 001 | 0265179 | ||
| 005 | 20200702131739.1 | ||
| 041 | 0 | |a slo | |
| 044 | |a SK | ||
| 245 | 1 | 0 | |a Vzory dokumentov pri hromadnom prepúšťaní |c Eva Tináková |
| 520 | |a Písomná informácia o dôvodoch hromadného prepúšťania. Zápisnica z prerokovania opatrení umožňujúcich predísť hromadnému prepúšťaniu zamestnancov alebo ho obmedziť. Písomná informácia o výsledku prerokovania opatrení. | ||
| 610 | 2 | 0 | |a prepúšťanie hromadné |
| 610 | 2 | 0 | |a prepúšťanie pracovníkov |
| 610 | 2 | 0 | |a zamestnávatelia |
| 610 | 2 | 0 | |a zamestnanci |
| 610 | 2 | 0 | |a dokumenty |
| 100 | 1 | |a Tináková, Eva, 1982- | |